| 000 | 00491nam a2200145Ia 4500 | ||
|---|---|---|---|
| 008 | 210428s9999 xx 000 0 und d | ||
| 020 | _a978-1563473852 | ||
| 082 | _a660.04 A498 T | ||
| 245 | 0 |
_aTheater Ballistic Missile Defense / _cEditor: Ben-Zion Naveh |
|
| 260 |
_bAmerican Institute of Aeronautics and Astronautics _aWashington, DC _c2001 |
||
| 300 | _a397p | ||
| 440 |
_aProgress in astronautics and aeronautics V-192 _9127181 |
||
| 700 |
_aAzriel Lorber _9127182 |
||
| 942 |
_cBK _2ddc |
||
| 999 |
_c559983 _d559983 |
||